Countries With Starbucks - Sudden Death - Statistics

General Stats
  • This quiz has been taken 158 times
  • The average score is 4 of 19
Answers on the Grid
Answers color-coded by a green-red scale on the quiz's grid according to % correct below.
Algeria
Azerbaijan
Bulgaria
Cambodia
China
Cuba
Dominican Republic
Finland
Georgia
Germany
Guatemala
Guyana
Haiti
India
Israel
Japan
Jordan
Kazakhstan
Lithuania
Mongolia
Morocco
Nicaragua
Nigeria
Paraguay
Philippines
Russia
Serbia
Slovenia
South Africa
Turkey
Ukraine
United Kingdom
Venezuela
 
Answer Stats
Answer % Correct
United Kingdom
55%
Finland
49%
Japan
47%
China
46%
Germany
46%
India
30%
Turkey
21%
South Africa
20%
Philippines
19%
Bulgaria
17%
Azerbaijan
11%
Guatemala
11%
Dominican Republic
8%
Jordan
6%
Morocco
6%
Cambodia
5%
Paraguay
3%
Guyana
1%
Kazakhstan
1%
No matching quizzes found
Score Distribution
Percent of People with Each Score
Percentile by Number Answered
Your Score History
You have not taken this quiz